Actors in TV & Film II Quiz Stats

Quiz Updated Nov 15, 2015

Challenge
Share
Tweet
Embed
Score 0/30 Timer 05:00
0 Plays Today
Television series Actor % Correct
Mork & MindyRobin Williams
88.2%
Bosom BuddiesTom Hanks
83.3%
Saturday Night LiveWill Ferrell
82%
30 RockAlec Baldwin
80.1%
As the World TurnsMeg Ryan
74.1%
The ViewWhoopi Goldberg
73.4%
Parks & RecreationAmy Poehler
71.4%
Remington SteelePierce Brosnan
70.6%
Beverly Hills, 90210Hilary Swank
68.5%
Suddenly SusanBrooke Shields
67.4%
RoseanneJohn Goodman
65%
FrasierKelsey Grammer
61.4%
Ally McBealLucy Liu
60.7%
Brothers & SistersSally Field
59.3%
Murder, She WroteAngela Lansbury
57.7%
Television series Actor % Correct
SoapBilly Crystal
56.9%
CSI: NYGary Sinise
54.7%
The Simple LifeParis Hilton
53.5%
Dark AngelJessica Alba
51.6%
Breaker HighRyan Gosling
50.3%
Murphy BrownCandice Bergen
45.4%
True BloodAnna Paquin
44.4%
ExtrasRicky Gervais
43.9%
Saved by the BellElizabeth Berkley
40.5%
Desperate HousewivesFelicity Huffman
37.3%
CharmedShannen Doherty
36.3%
The RichesMinnie Driver
34%
Law & OrderJerry Orbach
30.1%
Big LoveChloƫ Sevigny
20.5%
Arli$$Sandra Oh
17.9%

You're not logged in!

Compare scores with friends on all Sporcle quizzes.
Sign Up with Email
OR
Log In

You Might Also Like...

Show Comments

Extras

Top Quizzes Today


Score Distribution

Your Account Isn't Verified!

In order to create a playlist on Sporcle, you need to verify the email address you used during registration. Go to your Sporcle Settings to finish the process.